Doña Juana Don Juan, Juan y Juanito (Record no. 44719)

MARC details
000 -Etiqueta do registo
Valores 00552nam a2200193 4500
100 ## - Dados gerais de processamento
Dados gerais 20250904 pory50
101 ## - Língua de publicação
Língua esp
102 ## - País de publicação
País ESP
200 ## - Titulo e menção de responsabilidade
Título próprio Doña Juana Don Juan, Juan y Juanito
Primeira menção de responsabilidade Andras Laszlo
205 ## - Menção da edição
Edição 1.ª Ed.
210 ## - Publicação
Local de publicação Barcelona
Nome do editor Jose Janes Editor
Data de publicação 1952
215 ## - Descrição física 
Paginação / Volumes 143, [2] p.
225 ## - Colecção 
Título próprio da colecção Al Monigotel de Papel
Informação de outro título coleccion optimista
317 ## - Nota de proveniência
Texto da nota obra contém carimbo de posse de António Pires Ferreira de Carvalho
675 ## - CDU
Notação 821.511.141-31
801 ## - Fonte de origem
País PT
Regras de catalogação RPC
990 ## - Elementos KOHA
Tipo de documento Livro
Holdings
Aquisição Empréstimo Código de barras Cota Permissão de empréstimo Tipo de documento Nota relativa ao exemplar
Biblioteca Municipal de Redondo Biblioteca Municipal de Redondo 054715 821.511.141-3 LAS   Livro depósito. Obra em Espanhol. obra contém carimbo de posse de António Pires Ferreira de Carvalho

Powered by Koha